[Event "Barcelona Tupinamba op 12th"]
[Site "Barcelona"]
[Date "2017.05.03"]
[Round "6.1"]
[White "Exposito Amaro, Josue"]
[Black "Serrano Pertinez, Miquel"]
[Result "1/2-1/2"]
[WhiteElo "2288"]
[BlackElo "2089"]
[PlyCount "162"]
[EventDate "2017.03.22"]
[EventType "swiss"]
[EventRounds "9"]
[EventCountry "ESP"]
[SourceTitle "EXT 2024"]
[Source "ChessBase"]
[SourceDate "2023.10.10"]
[SourceVersion "1"]
[SourceVersionDate "2023.10.10"]
[SourceQuality "1"]

1. e4 c5 2. Nc3 e6 3. f4 Nc6 4. Nf3 a6 5. d4 cxd4 6. Nxd4 Bb4 7. Nxc6 bxc6 8. Qd4 Bf8 9. e5 d5 10. exd6 Qxd6 11. Be3 Nf6 12. 0-0-0 Qxd4 13. Bxd4 Be7 14. Na4 a5 15. g3 0-0 16. Bg2 Bb7 17. Nc5 Bxc5 18. Bxc5 Rfd8 19. Be7 Rxd1+ 20. Rxd1 Nd5 21. Bc5 Ba6 22. Rd4 h6 23. Kd2 Rb8 24. Ba3 g5 25. b3 gxf4 26. gxf4 Rc8 27. c4 c5 28. Bxc5 Nxf4 29. Bd6 Rd8 30. Bf3 f6 31. c5 Ng6 32. Kc3 Kf7 33. Ra4 f5 34. Rxa5 Bf1 35. b4 Kf6 36. b5 Ne5 37. Bh5 Nc4 38. Bc7 Rd5 39. Ra7 Rxc5 40. Kb4 Rd5 41. b6 Nxb6 42. a4 Nc4 43. Bf4 Ne5 44. Kc3 Rc5+ 45. Kd2 Rc4 46. Bxh6 Rh4 47. Bg7+ Kg5 48. Be8 Nc4+ 49. Ke1 Bd3 50. Rd7 Be4 51. Rc7 Bd5 52. Bb5 Nd6 53. Be2 Re4 54. Bf8 Bc4 55. Be7+ Kg6 56. Bxd6 Bxe2 57. a5 Bc4+ 58. Kf2 Bd5 59. a6 Ra4 60. a7 f4 61. h4 Ra2+ 62. Ke1 e5 63. Bxe5 Kf5 64. Bd4 Ke4 65. Bb6 f3 66. h5 Ra6 67. Rd7 Ra1+ 68. Kd2 Ra2+ 69. Kc3 Ra3+ 70. Kb4 Rb3+ 71. Ka4 Rb1 72. h6 Bc6+ 73. Ka3 Rxb6 74. Re7+ Kd3 75. h7 f2 76. Rf7 Ra6+ 77. Kb4 Rxa7 78. Rxa7 f1Q 79. Ra3+ Kc2 80. Rc3+ Kb2 81. Rb3+ Kc2 1/2-1/2

[Event "Barcelona Tupinamba op 12th"]
[Site "Barcelona"]
[Date "2017.04.19"]
[Round "4.1"]
[White "Exposito Amaro, Josue"]
[Black "Picanol Alemany, Antonio"]
[Result "1/2-1/2"]
[WhiteElo "2288"]
[BlackElo "2277"]
[PlyCount "23"]
[EventDate "2017.03.22"]
[EventType "swiss"]
[EventRounds "9"]
[EventCountry "ESP"]
[SourceTitle "EXT 2024"]
[Source "ChessBase"]
[SourceDate "2023.10.10"]
[SourceVersion "1"]
[SourceVersionDate "2023.10.10"]
[SourceQuality "1"]

1. e4 e6 2. Nc3 d5 3. d4 Nf6 4. Bg5 Bb4 5. exd5 exd5 6. Qf3 Qe7+ 7. Nge2 Qe4 8. Bxf6 Qxf3 9. gxf3 gxf6 10. a3 Bxc3+ 11. Nxc3 Be6 12. Rg1 1/2-1/2

[Event "Barcelona Tres Peons op 19th"]
[Site "Barcelona"]
[Date "2017.03.01"]
[Round "8"]
[White "Exposito Amaro, Josue"]
[Black "Dominguez Rueda, Juan"]
[Result "0-1"]
[WhiteElo "2288"]
[BlackElo "2056"]
[PlyCount "80"]
[EventDate "2017.01.11"]
[EventType "swiss"]
[EventRounds "9"]
[EventCountry "ESP"]
[SourceTitle "EXT 2018"]
[Source "ChessBase"]
[SourceDate "2017.10.13"]
[SourceVersion "1"]
[SourceVersionDate "2017.10.13"]
[SourceQuality "1"]

1. Nc3 e5 2. Nf3 d6 3. d4 Nd7 4. Bg5 Be7 5. Bxe7 Qxe7 6. Nd5 Qd8 7. dxe5 dxe5 8. Qd2 Ngf6 9. 0-0-0 0-0 10. h4 c6 11. Nc3 Qe7 12. g4 Nxg4 13. e4 Qf6 14. Qe2 Nc5 15. Bh3 Ne6 16. Bxg4 Nf4 17. Qe3 Bxg4 18. Rdg1 Ng2 19. Qg5 Qxf3 20. Qxe5 h5 21. Kb1 Rad8 22. Qh2 Rd2 23. Rxg2 Rfd8 24. Rc1 b5 25. Rgg1 b4 26. Na4 Qxe4 27. Nc5 Qd4 28. Nb3 Qxf2 29. Qc7 Rc8 30. Qe5 Rxc2 31. Rxc2 Qxg1+ 32. Rc1 Qf2 33. Nd4 c5 34. Nc2 Bf5 35. Qe7 a5 36. Qb7 Rd8 37. a3 Rd2 38. axb4 Rxc2 39. Rxc2 Qxc2+ 40. Ka2 Qa4# 0-1